| 000 | 01075nam a22002417a 4500 | ||
|---|---|---|---|
| 003 | OSt | ||
| 005 | 20250930162107.0 | ||
| 008 | 240319b ||||| |||| 00| 0 eng d | ||
| 040 | _c0 | ||
| 082 | _aDPer 621.381 In821 August 2022 v. 37 n. 8 | ||
| 100 |
_aShi, Wenli. _eauthor. _954998 |
||
| 245 |
_aContinuous reduced-order dynamic model based on energy balancing for inductive power transfer systems / _cWenli Shi, Jianning Dong, Thiago Batista Soeiro, Junjun Deng, Calvin Riekerk, and Pavol Bauer. |
||
| 260 |
_aNew York ; _bThe Institute of Electrical and Electronics Engineers, Inc. , _cAugust 2022. |
||
| 300 |
_aVolume 37, pages 9959-9971 : _billustration ; _c28 cm. |
||
| 500 | _aIEEE Transitions on Power Electronics, v. 37 n. 8, pages 9959-9971, August 2022. | ||
| 700 |
_aShi, Wenli. _eauthor. _954998 |
||
| 700 |
_aDong, Jianning. _eauthor. _954999 |
||
| 700 |
_aSoeiro, Thiago Batista. _eauthor. _955000 |
||
| 700 |
_aDeng, Junjun. _eauthor. _955001 |
||
| 700 |
_aRiekerk, Calvin. _eauthor. _955002 |
||
| 700 |
_aBauer, Pavol. _eauthor. _955003 |
||
| 942 |
_2ddc _cPER |
||
| 999 |
_c19753 _d19753 |
||